000 00724cam a22002533a 4500
001 29763
003 PGUSA
005 20140828083637.0
008 090822s2009||||xxu|||||s|||||000 1 eng d
040 _aPGUSA
_beng
042 _adc
050 4 _aPS
100 1 _aWitwer, H. C.
_q(Harry Charles),
_d1890-1929
245 1 0 _aAlex the Great
_h[electronic resource] /
_cH. C. Witwer
260 _bProject Gutenberg,
_c2009
506 _aPublic domain in the USA.
516 _aElectronic text
653 _aNew York (N.Y.) -- Fiction
653 _aHumorous stories
700 1 _aBrown, Arthur William,
_d1881-1966
830 0 _aProject Gutenberg
_v29763
856 4 0 _uhttp://www.gutenberg.org/ebooks/29763
942 _cEB
999 _c259018
_d259018